000 00736nam a2200253Ia 4500
003 GCL
008 140319s9999 xx 000 0 ara d
040 _aGCL /
_cGCL
082 0 4 _aق
_b910.962
_bد ر
100 1 _aكوثر عبدالسلام البحيرى
245 1 0 _aرحلة الى الشرق ج3 /
_cكوثر عبدالسلام البحيرى
700 1 _aسهير القلماوى
700 1 _aدى فرفال، جيراروى
300 _a299 ص
490 _a
650 0 4 _aمصر القديمة
650 0 4 _aشهر رمضان
650 0 4 _aالرواة
650 0 4 _aوصف ورحلات
650 0 4 _aالقسطنطينية
650 0 4 _aالاعياد
650 0 4 _aعيد الفطر
942 _2ddc
_cBK
999 _c39248
_d39248